000 00918cam a2200217 4500
001 WS114597
008 010917n 000 0 eng u
035 _a(Sirsi) u114597
110 _aArt Resolve
_94130
245 _aArt Resolve
520 _aWeb site for this non-profit making company which offers out of court options for the reolution of disputes about works of art and historic sites. Includes their model agreements for existing disputes and model clauses for future disputes.
650 _aANTIQUES AND FINE ART
650 _aMEDIATION
650 _aEXPERT DETERMINATION
650 _aMANAGEMENT-DISPUTE AVOIDANCE, MANAGEMENT AND RESOLUTION-DISPUTE MANAGEMENT AND RESOLUTION-ARBITRATION
650 _aMODEL AGREEMENTS
650 _aMODEL CLAUSES
690 _aDispute resolution
_96236
856 4 0 _uhttps://www.artresolve.org
_zView the website free of chargeat www.artresolve.org...
942 _n0
999 _c119878
_d119878